General physics / (Record no. 6472)
[ view plain ]
| 000 -LEADER | |
|---|---|
| fixed length control field | 00839cam a22002652 4500 |
| 001 - CONTROL NUMBER | |
| control field | 0000003723 |
| 005 - DATE AND TIME OF LATEST TRANSACTION | |
| control field | 20151217151930.0 |
| 008 - FIXED-LENGTH DATA ELEMENTS--GENERAL INFORMATION | |
| fixed length control field | 070514s xx 000 0 eng d |
| 020 ## - INTERNATIONAL STANDARD BOOK NUMBER | |
| International Standard Book Number | 0471522783 : |
| Terms of availability | GBP 47.95 |
| 020 ## - INTERNATIONAL STANDARD BOOK NUMBER | |
| International Standard Book Number | 0471522783 (hbk) |
| 040 ## - CATALOGING SOURCE | |
| Original cataloging agency | KABU |
| Transcribing agency | KABU |
| 050 #0 - LIBRARY OF CONGRESS CALL NUMBER | |
| Classification number | QC23 |
| Item number | .S74 1991 |
| 100 1# - MAIN ENTRY--PERSONAL NAME | |
| Personal name | Sternheim, Morton M. |
| -- | 0000153821 |
| 245 10 - TITLE STATEMENT | |
| Title | General physics / |
| Statement of responsibility, etc. | Morton M. Sternheim, Joseph W. Kane. |
| 250 ## - EDITION STATEMENT | |
| Edition statement | 2nd ed. |
| 260 ## - PUBLICATION, DISTRIBUTION, ETC. (IMPRINT) | |
| Place of publication, distribution, etc. | New York : |
| Name of publisher, distributor, etc. | J. Wiley, |
| Date of publication, distribution, etc. | 1991. |
| 300 ## - PHYSICAL DESCRIPTION | |
| Extent | xix, 891 p. |
| 650 #0 - SUBJECT ADDED ENTRY--TOPICAL TERM | |
| Topical term or geographic name as entry element | Physics. |
| -- | 0000153778 |
| 700 1# - ADDED ENTRY--PERSONAL NAME | |
| Personal name | Kane, Joseph W. |
| -- | 0000153822 |
| 852 1# - LOCATION | |
| -- | p5420 KES (hbk) |
| 852 1# - LOCATION | |
| -- | p5420 KES (hbk) |
| 908 ## - PUT COMMAND PARAMETER (RLIN) | |
| Put command parameter | 070514 |
| 950 ## - LOCAL HOLDINGS (RLIN) | |
| -- | 1 |
| Withdrawn status | Lost status | Source of classification or shelving scheme | Not for loan | Home library | Current library | Date acquired | Total Checkouts | Full call number | Barcode | Date last seen | Price effective from | Koha item type | Date last checked out |
|---|---|---|---|---|---|---|---|---|---|---|---|---|---|
| Library of Congress Classification | Kabarak, Main Campus | Kabarak, Main Campus | 17/12/2015 | QC23 .S74 1991 c. 1 | 004798 | 17/12/2015 | 17/12/2015 | General Collection | |||||
| Library of Congress Classification | Kabarak, Main Campus | Kabarak, Main Campus | 17/12/2015 | 1 | QC23 .S74 1991 c. 3 | 23447 | 10/07/2018 | 17/12/2015 | General Collection | 07/07/2018 | |||
| Library of Congress Classification | Kabarak, Main Campus | Kabarak, Main Campus | 17/12/2015 | 2 | QC23 .S74 1991 c. 4 | 23446 | 07/04/2026 | 17/12/2015 | General Collection | 30/03/2026 | |||
| Library of Congress Classification | Kabarak, Main Campus | Kabarak, Main Campus | 17/12/2015 | 1 | QC23 .S74 1991 c. 2 | 23663 | 15/11/2021 | 17/12/2015 | General Collection | 08/11/2021 |